000 00903nam a2200253 i 4500
001 124667
003 ES-MaACL
005 20240426162945.0
007 t|
008 070417s1918 sp ||||1| spa d
080 _a821.134.2-23"18"
100 1 _aPlauto, Tito Maccio.
_992613
245 1 4 _aLos gemelos
_b: comedia de Plauto /
_carreglada en tres actos y un prólogo por Tristán Bernard ; adaptación castellana de Antonio Palomero.
260 _a[Madrid :
_bLa Novela Teatral,
_c1918]
300 _a12 h. ;
_c20 cm.
490 1 _aLa novela teatral ;
_v57
500 _aEn la cub. caricatura de Bonifacio Pinedo por Tovar.
700 1 _aBernard, Tristan.
_928259
700 1 _aPalomero Dechado, Antonio,
_d1869-1914
_988694
700 0 _aTovar
_c, ilustrador.
_9157378
830 0 _aLa novela teatral ;
_v57
_9122427
852 _aES-MaACL
_j2214-F-37
_bR.138707
999 _c124667
_d124667